[Event "Gyermek csapatbajnokság"]
[Site "Budapest"]
[Date "2015.08.29"]
[Round "7.7"]
[White "Kovacs, Patrik Zsolt"]
[Black "Bilku, Andras"]
[Result "1-0"]
[WhiteElo "1543"]
[BlackElo "1137"]
[PlyCount "85"]
[EventDate "2015.??.??"]

1. d4 Nf6 2. Nf3 d5 3. Bf4 Nc6 4. e3 Bf5 5. c4 e6 6. Nbd2 Be7 7. Be2 h6 8. O-O
O-O 9. Rc1 Nh5 10. Be5 f6 11. Bg3 Nxg3 12. fxg3 Na5 13. a3 c5 14. cxd5 cxd4 15.
Nxd4 Qxd5 16. Nxf5 exf5 17. b4 Qd7 18. bxa5 Bxa3 19. Qb3+ Kh8 20. Qxa3 Qxd2 21.
Bf3 Rfe8 22. Rfe1 Qd7 23. Qb4 Rab8 24. Qc5 b6 25. axb6 axb6 26. Qb4 Qe6 27. Rc6
Qd7 28. Rxb6 Rxb6 29. Qxb6 Qd2 30. Re2 Qc1+ 31. Kf2 g5 32. Qxf6+ Kg8 33. Qg6+
Kf8 34. Qxf5+ Kg8 35. Bd5+ Kh8 36. Qf6+ Kh7 37. Qf7+ Kh8 38. Qxe8+ Kg7 39. Qe7+
Kh8 40. Qf7 Qc8 41. Be4 Qg8 42. Qxg8+ Kxg8 43. Rd2 1-0

[Event "Gyermek csapatbajnokság"]
[Site "Budapest"]
[Date "2015.08.30"]
[Round "8.1"]
[White "Varga, Boldizsar"]
[Black "Kovacs, Patrik Zsolt"]
[Result "0-1"]
[WhiteElo "1255"]
[BlackElo "1543"]
[PlyCount "68"]
[EventDate "2015.??.??"]

1. d4 d5 2. Nf3 Nf6 3. c4 e6 4. e3 c5 5. Nc3 Nc6 6. cxd5 Nxd5 7. Nxd5 Qxd5 8.
a3 cxd4 9. exd4 Be7 10. Be2 O-O 11. Be3 b6 12. O-O Bb7 13. Qd2 Rac8 14. Rfd1
Rfd8 15. Rac1 Na5 16. Rxc8 Rxc8 17. Bf1 Nc4 18. Qe2 Nxe3 19. fxe3 Qb3 20. Ne1
Bg5 21. Rd3 Qd5 22. Nf3 Ba6 23. e4 Bxd3 24. Qxd3 Qd8 25. Kf2 Be7 26. g3 Qc7 27.
Ne1 Qc1 28. Qb3 Qd2+ 29. Be2 Qxd4+ 30. Kf1 Qxe4 31. Bd3 Qh1+ 32. Kf2 Qxh2+ 33.
Ng2 Bc5+ 34. Kf3 Bd6 0-1

[Event "Gyermek csapatbajnokság"]
[Site "Budapest"]
[Date "2015.08.30"]
[Round "8.2"]
[White "Karacsonyi, Kata"]
[Black "Koltai, Dora"]
[Result "0-1"]
[WhiteElo "1461"]
[BlackElo "1341"]
[PlyCount "98"]
[EventDate "2015.??.??"]

1. e4 e5 2. Nf3 Nf6 3. d4 Nxe4 4. dxe5 Bc5 5. Bc4 Bxf2+ 6. Kf1 Qe7 7. Qd5 f5 8.
Nbd2 Nxd2+ 9. Bxd2 Bb6 10. Ng5 h6 11. Nf7 Rf8 12. Nd6+ cxd6 13. exd6 Qf6 14.
Re1+ Kd8 15. Ba5 Bxa5 16. Qxa5+ b6 17. Qd2 Nc6 18. b4 Qd4 19. Qxd4 Nxd4 20. Re7
Nxc2 21. b5 a6 22. Kf2 Na3 23. Bd5 Rb8 24. bxa6 Bxa6 25. Rhe1 Nc4 26. Bxc4 Bxc4
27. a3 b5 28. Rxg7 Ra8 29. Re3 Re8 30. Rc3 Kc8 31. Kg3 Re6 32. Kf4 Rxd6 33.
Kxf5 Rd3 34. Rg3 Rxg3 35. Rxg3 Be2 36. Ke5 Kc7 37. Rc3+ Bc4 38. Rh3 d6+ 39. Kf6
d5 40. Ke5 Re8+ 41. Kd4 Re4+ 42. Kc3 d4+ 43. Kb4 d3 44. Kc3 Re2 45. Rxh6 Rc2+
46. Kb4 d2 47. Rh7+ Kd6 48. Rh8 Be6 49. Rd8+ Bd7 0-1

[Event "Gyermek csapatbajnokság"]
[Site "Budapest"]
[Date "2015.08.30"]
[Round "8.3"]
[White "Eorsi, Pal"]
[Black "Bangha, Otto Peter"]
[Result "0-1"]
[WhiteElo "1276"]
[BlackElo "1427"]
[PlyCount "120"]
[EventDate "2015.??.??"]

1. c4 e5 2. Nc3 Nf6 3. g3 c6 4. d3 d5 5. Nf3 d4 6. Nb1 Nbd7 7. Bg2 c5 8. e4 Bd6
9. O-O O-O 10. Ne1 a6 11. a4 Rb8 12. Na3 Nb6 13. f4 Bg4 14. Qc2 exf4 15. Bxf4
Re8 16. b3 Qc7 17. Qd2 Be5 18. Bxe5 Qxe5 19. Qf4 Qe6 20. Nf3 h6 21. Nc2 Bh3 22.
b4 Bxg2 23. Kxg2 Qe7 24. bxc5 Qxc5 25. Ncxd4 Nh5 26. Qd2 Nf6 27. Nf5 Rbd8 28.
N3d4 g6 29. Nxh6+ Kg7 30. Ndf5+ Kf8 31. Qg5 Nh7 32. Qg4 Rxd3 33. Nd6 Rd2+ 34.
Kh1 Rf2 35. Nxe8 Kxe8 36. Rxf2 Qxf2 37. Qf4 Qxf4 38. gxf4 Nxc4 39. Rc1 Nb6 40.
Rb1 Nxa4 41. Rxb7 Nc5 42. Rb8+ Ke7 43. e5 Nf8 44. Rc8 Nd3 45. Rc7+ Ke6 46. Rxf7
Nd7 47. Kg2 a5 48. Kf3 N3xe5+ 49. fxe5 Nxe5+ 50. Ke3 Nxf7 51. Ng4 Kf5 52. h3 a4
53. Kd3 Ne5+ 54. Nxe5 Kxe5 55. Kc4 g5 56. Kb4 Kf4 57. Kxa4 Kg3 58. Kb4 Kxh3 59.
Kc3 Kh2 60. Kd3 g4 0-1

[Event "Gyermek csapatbajnokság"]
[Site "Budapest"]
[Date "2015.08.30"]
[Round "8.4"]
[White "Fule, Simon"]
[Black "Moczar, Benedek"]
[Result "1-0"]
[WhiteElo "1426"]
[BlackElo "1258"]
[PlyCount "61"]
[EventDate "2015.??.??"]

1. e4 e6 2. d4 d5 3. Nc3 dxe4 4. Nxe4 Nd7 5. Nf3 Ngf6 6. Bd3 Nxe4 7. Bxe4 Nf6
8. Bd3 Be7 9. O-O O-O 10. Re1 c5 11. h3 cxd4 12. Nxd4 h6 13. a3 b6 14. b3 Bb7
15. Bb2 Bc5 16. c4 Bxd4 17. Bxd4 Qe7 18. Qc2 Rfd8 19. Bb2 Rac8 20. Rad1 b5 21.
Qe2 bxc4 22. Bxc4 Rxd1 23. Rxd1 Rc5 24. b4 Rg5 25. g3 Qc7 26. h4 Qc6 27. Rd8+
Kh7 28. Qd3+ g6 29. Kf1 Qg2+ 30. Ke2 Re5+ 31. Bxe5 1-0

[Event "Gyermek csapatbajnokság"]
[Site "Budapest"]
[Date "2015.08.30"]
[Round "8.5"]
[White "Rado, David"]
[Black "Pervai, Laszlo"]
[Result "0-1"]
[WhiteElo "1325"]
[BlackElo "1377"]
[PlyCount "68"]
[EventDate "2015.??.??"]

1. Nf3 Nf6 2. g3 c5 3. Bg2 g6 4. O-O Bg7 5. c4 d5 6. d3 O-O 7. Nc3 Nc6 8. d4
Bg4 9. e3 Rc8 10. b3 Ne4 11. Qc2 cxd4 12. Nxd5 d3 13. Qxd3 Nc5 14. Qb1 Bf5 15.
Qxf5 gxf5 16. Rb1 e5 17. Bb2 e4 18. Bxg7 Kxg7 19. Nd4 Nxd4 20. exd4 Nd3 21. Bh3
Qg5 22. Ne3 f4 23. Nf5+ Kh8 24. Nd6 f5 25. Nxc8 Rxc8 26. Rbd1 f3 27. Rxd3 exd3
28. Rd1 Re8 29. Bf1 d2 30. h4 Qh6 31. g4 Re1 32. Kh2 Qxh4+ 33. Kg1 Rxf1+ 34.
Rxf1 Qh3 0-1

[Event "Gyermek csapatbajnokság"]
[Site "Budapest"]
[Date "2015.08.30"]
[Round "8.6"]
[White "Rahimkulov, Margarita"]
[Black "Geczi-Zajzon, Kristof"]
[Result "0-1"]
[WhiteElo "1284"]
[BlackElo "1180"]
[PlyCount "100"]
[EventDate "2015.??.??"]

1. d4 d5 2. Nf3 Nf6 3. c4 c6 4. g3 Bg4 5. Bg2 e6 6. O-O Be7 7. Nc3 Nbd7 8. Bf4
O-O 9. Qb3 Qb6 10. Qxb6 Nxb6 11. cxd5 Nbxd5 12. Bd2 Rab8 13. Nxd5 Nxd5 14. e4
Nf6 15. Rfe1 Rfd8 16. Bf4 Rbc8 17. Rad1 Bb4 18. Bd2 Bxd2 19. Rxd2 Bxf3 20. Bxf3
g5 21. h3 Kg7 22. Red1 Kg6 23. Kf1 h5 24. d5 cxd5 25. exd5 exd5 26. Bxd5 Nxd5
27. Rxd5 Rxd5 28. Rxd5 Rc7 29. Ke2 Rc2+ 30. Rd2 Rxd2+ 31. Kxd2 Kf5 32. Ke3 Ke5
33. f4+ gxf4+ 34. gxf4+ Kd5 35. Kd3 h4 36. b3 b6 37. a3 a6 38. Ke3 b5 39. Kd3
a5 40. a4 bxa4 41. bxa4 f5 42. Kc3 Ke4 43. Kc4 Kxf4 44. Kb5 Kg3 45. Kxa5 f4 46.
Kb6 f3 47. a5 f2 48. a6 f1=Q 49. a7 Qg1+ 50. Kb7 Qxa7+ 0-1

[Event "Gyermek csapatbajnokság"]
[Site "Budapest"]
[Date "2015.08.30"]
[Round "8.7"]
[White "Kozsik, Bende Barnabas"]
[Black "Nemeth, Aron"]
[Result "1-0"]
[WhiteElo "1736"]
[BlackElo "1287"]
[PlyCount "120"]
[EventDate "2015.??.??"]

1. e4 c5 2. Nf3 d6 3. d4 cxd4 4. Nxd4 Nf6 5. Nc3 a6 6. Be3 e6 7. Qd2 Be7 8. Be2
Qc7 9. O-O-O Nbd7 10. f4 Nc5 11. Bf3 Bd7 12. Kb1 O-O-O 13. Nb3 Nxb3 14. cxb3
Kb8 15. Rc1 Qa5 16. Qd4 Bc6 17. b4 Qc7 18. Qa7+ Kc8 19. Bb6 Qb8 20. Qxb8+ Kxb8
21. Bxd8 Rxd8 22. e5 dxe5 23. fxe5 Bxf3 24. exf6 Bxf6 25. gxf3 Rd4 26. a3 Rd3
27. Rhf1 Rd2 28. Rc2 Rd3 29. Ne4 Be5 30. f4 Bc7 31. Rc3 Rd4 32. Ng5 h6 33. Nxf7
Bxf4 34. Nd8 Bd2 35. Nxe6 Bxc3 36. bxc3 Rd7 37. Rf8+ Ka7 38. Kc2 Re7 39. Nd4
Rd7 40. Kb3 g5 41. Rh8 Rd6 42. Nf5 Rf6 43. Nxh6 Rf4 44. Rg8 Rh4 45. Nf5 Rxh2
46. Rxg5 Rh1 47. Rg7 Rb1+ 48. Kc2 Ra1 49. Kb2 Rd1 50. a4 Rd2+ 51. Kb3 Rd5 52.
Nd4 Rd6 53. a5 Rf6 54. Kc4 Rd6 55. Nb3 Rc6+ 56. Nc5 Ka8 57. Rxb7 Rxc5+ 58. Kxc5
Kxb7 59. Kd6 Kc8 60. Kc6 Kb8 1-0

[Event "Gyermek csapatbajnokság"]
[Site "Budapest"]
[Date "2015.08.30"]
[Round "8.8"]
[White "Csallo, Krisztian"]
[Black "Schiszler, Gellert"]
[Result "1/2-1/2"]
[WhiteElo "1396"]
[BlackElo "1479"]
[PlyCount "51"]
[EventDate "2015.??.??"]

1. e4 c5 2. Nf3 Nc6 3. d4 cxd4 4. Nxd4 g6 5. c4 Nf6 6. Nc3 Bg7 7. Be3 O-O 8.
Be2 d6 9. f3 Bd7 10. b3 Rc8 11. O-O a6 12. Qd2 Nxd4 13. Bxd4 Bc6 14. Rfd1 Qd7
15. Rac1 Rfe8 16. Bb6 h5 17. Rc2 Bf8 18. Bd4 e5 19. Be3 Be7 20. Bg5 Rcd8 21.
Bxf6 Bxf6 22. Nd5 Bxd5 23. Qxd5 Re7 24. Rcd2 Re6 25. c5 Be7 26. Rd3 1/2-1/2

[Event "Gyermek csapatbajnokság"]
[Site "Budapest"]
[Date "2015.08.30"]
[Round "8.9"]
[White "Juhasz, Agoston"]
[Black "Koteljarto, Aron"]
[Result "1-0"]
[WhiteElo "1518"]
[BlackElo "1410"]
[PlyCount "91"]
[EventDate "2015.??.??"]

1. e4 c5 2. Nf3 d6 3. c3 Nf6 4. Be2 e6 5. O-O Bd7 6. Qc2 Be7 7. d4 cxd4 8. cxd4
Nc6 9. a3 O-O 10. Nc3 Rc8 11. Qd1 Re8 12. Bf4 a6 13. Rc1 Nh5 14. Be3 g6 15. d5
exd5 16. Nxd5 Rb8 17. Bb6 Qc8 18. Ba7 Ra8 19. Nb6 Qd8 20. Nxa8 Nxa7 21. Nc7 Rf8
22. Nd5 Ng7 23. Qd2 Nc6 24. Rfd1 Be6 25. Nxe7+ Qxe7 26. Qxd6 Qxd6 27. Rxd6 Ne8
28. Rd2 Ng7 29. Bxa6 bxa6 30. Rxc6 Rb8 31. h3 Ra8 32. Rcd6 Ne8 33. Rd8 Rxd8 34.
Rxd8 Kf8 35. Ng5 Ke7 36. Nxe6 fxe6 37. Rxe8+ Kxe8 38. f4 Ke7 39. Kf2 Kd6 40. b4
Kc6 41. a4 h6 42. Ke3 Kd6 43. Kd4 Kd7 44. Ke5 Ke7 45. b5 axb5 46. axb5 1-0

[Event "Gyermek csapatbajnokság"]
[Site "Budapest"]
[Date "2015.08.30"]
[Round "8.10"]
[White "Szoke, Kristof"]
[Black "Kovacs, Lilla"]
[Result "0-1"]
[WhiteElo "1414"]
[BlackElo "1316"]
[PlyCount "62"]
[EventDate "2015.??.??"]

1. e4 c6 2. d4 d5 3. Nc3 dxe4 4. Nxe4 Bf5 5. Ng3 Bg6 6. Nf3 Nd7 7. Bf4 e6 8.
Bc4 Ngf6 9. O-O Be7 10. Qe2 O-O 11. Rfe1 Re8 12. Rad1 Nd5 13. Bc1 Qc7 14. c3
Bd6 15. Bb3 Nf4 16. Bxf4 Bxf4 17. Bc2 Bxg3 18. hxg3 Bh5 19. Qe3 Nf6 20. Bb3 h6
21. Rd2 Bxf3 22. Qxf3 Rad8 23. Rde2 Qd7 24. Bc2 Qd5 25. Qxd5 exd5 26. Re7 Kf8
27. R7e3 Rxe3 28. Rxe3 Re8 29. Rxe8+ Kxe8 30. Kf1 Ke7 31. Ke2 Kd6 0-1

[Event "Gyermek csapatbajnokság"]
[Site "Budapest"]
[Date "2015.08.30"]
[Round "8.11"]
[White "Palczert, Hajnalka"]
[Black "Bodo, Boglarka"]
[Result "1-0"]
[WhiteElo "1434"]
[BlackElo "1391"]
[PlyCount "59"]
[EventDate "2015.??.??"]

1. e4 e5 2. Nc3 Nf6 3. f4 d5 4. fxe5 Nxe4 5. Qf3 Nxc3 6. dxc3 Be6 7. Bf4 c5 8.
Nh3 h6 9. Bd2 Qc7 10. Qg3 Nd7 11. Bb5 O-O-O 12. Bxd7+ Rxd7 13. O-O Qb6 14. b3
g5 15. Kh1 Bg7 16. a4 Re8 17. Rae1 Qc7 18. a5 Bxh3 19. Qxh3 Rxe5 20. Rxe5 Qxe5
21. Re1 Qd6 22. Re8+ Kc7 23. Be1 Kc6 24. Bg3 g4 25. Qxg4 f5 26. Qxf5 Qf6 27.
Re6+ Rd6 28. Rxd6+ Qxd6 29. Bxd6 Kxd6 30. Qg6+ 1-0